000 01331nam0a2200349 4500
001 RU\NLR\bibl\1864797
005 20260406025822.0
010 _a978-5-91366-347-4
_9150
021 _aRU
_b2011-104920
_97514
035 _a(nilc)RSL-KNO-005372257
035 _a(NLR Aleph) 001854679
090 _a2449582
_c2449582
100 _a20120116d2011 |||y0rusy50 ca
101 0 _arus
102 _aRU
105 _aa zzzz|||||
200 1 _aЗачерпнутое из бытия
_eстихи
_fВалентин Герман
_g[рис. Э. Неизвестного]
210 _aМосква
_cУ Никитских ворот
_d2011
215 _a246, [1] с., [1] л. портр.
_cил.
_d20
327 1 _aСодерж.: Циклы: На ладони у Бога; Вторая ладонь; Третья ладонь Шивы
686 _aШ5(2=Р)75-65я44
_2rubbk
686 _aШ6(2=Р)8-5
700 1 _aГерман
_bВ. С.
_gВалентин Станиславович
_4070
702 1 _4070
_7ca
_8rus
_aНеизвестный
_bЭ. И.
_f1925-2016
_gЭрнст Иосифович
_9110317
_3RU\NLR\AUTH\77259
801 0 _aRU
_bRuMoRKP
_c20120116
_grcr
801 1 _aRU
_bРГБ
_c20120116
801 2 _aRU
_bNLR
_c20120206
_grcr
942 _cBOOK
980 _aNB
980 _aNBR